Author Pseudonyms/Pen Names - Statistics

General Stats
  • This quiz has been taken 647 times
  • The average score is 7 of 13
Answer Stats
Pseudonym Author % Correct
Currer Bell Charlotte Brontë
87%
Richard Bachman Stephen King
80%
Mary Westmacott Agatha Christie
75%
Robert Galbraith J.K. Rowling
63%
Mrs. Silence Dogood Benjamin Franklin
61%
Clive Hamilton C.S. Lewis
56%
Boz Charles Dickens
54%
Paul French Isaac Asimov
50%
Flora Fairfield Louisa May Alcott
42%
A. N. Roquelaure Anne Rice
36%
Diedrich Knickerbocker Washington Irving
35%
John Lange Michael Crichton
20%
Rosamond Smith Joyce Carol Oates
3%
No matching quizzes found
Score Distribution
Percent of People with Each Score
Percentile by Number Answered
Your Score History
You have not taken this quiz